| 000 | 00600nam a22001697a 4500 | ||
|---|---|---|---|
| 003 | SGT | ||
| 020 | _a8185336814 | ||
| 082 | _a539.74,PAL | ||
| 100 | _aPAL,M.K | ||
| 245 | _aTHEORY OF NUCLEAR STRUCTURE | ||
| 250 | _a1st | ||
| 260 |
_aNEW DELHI _bAFFILIATED EAST-WEST PRESS PVT _c2009 |
||
| 300 | _a676 | ||
| 650 | _aMODERN PHYSICS | ||
| 653 | _aTWO NUCLEON PROBLEM,NUCLEAR BINDING ENERGY AND MANY BODY THEORY, NUCLEAR SHELL MODEL, PHENOMENOLOGICAL COLLECTIVE AND UNIFIED MODEL,MICROSCOPIC THEORY OF NUCLEAR STRUCTURE, MICROSCOPIC THEORY OF NUCLEAR STRUCTURE- VIBRATION STATES | ||
| 942 |
_2ddc _cFPS |
||
| 999 |
_c9351 _d9351 |
||